| 000 | 00861nam a2200253Ia 4500 | ||
|---|---|---|---|
| 003 | OSt | ||
| 005 | 20220923224527.0 | ||
| 006 | a|||||r|||| 00| 0 | ||
| 007 | ta | ||
| 008 | 220922b |||||||| |||| 00| 0 hin d | ||
| 020 | _c595 | ||
| 024 | _a239,046 | ||
| 037 |
_b548, 19/01/2009, Eastern Book Linkers _cTextual |
||
| 040 |
_aARTS _cARTS _bhin |
||
| 041 |
_2hin _ahin |
||
| 082 | _aQ2:494, 152P7 | ||
| 100 |
_aरवीन्द्र _9156277 |
||
| 245 | 0 | _aप्राचीन भारत में यज्ञ - परम्परा | |
| 246 | _aPrāchīn bhārat mean yagna - paramparā | ||
| 260 |
_aमेरठ _b शिशिर प्रकाशन _c2007 |
||
| 300 |
_a214पृ. _ccm. |
||
| 942 |
_hQ2:494, 152P7 _cTEXL _2CC |
||
| 999 |
_c371989 _d371989 |
||